00365pab a2200145 454500008004000000100002200040245005200062260000900114300001300123362001100136650001000147650002800157700001900185773001500204180718b2012 xxu||||| |||| 00| 0 eng d aDeshpande, Sanjay aIndia-Russia-China pipeline: A tribute to BRICS c2012 ap.27-29. a24 Mar aBRICS aInternational relations aSahu, Manendra aMainstream